000 00252nam a22001217a 4500
008 181107b xxu||||| |||| 00| 0 eng d
041 _aeng
080 _a370
100 _a49
101 _aedu
245 _aGadilaac Desert
_cMarc,E
942 _2udc
_cBK
999 _c52062
_d52062